[Event "Lima Morales Memorial op 3rd"]
[Site "Lima"]
[Date "2013.??.??"]
[Round "1"]
[White "Henostroza, Cesar"]
[Black "Sanchez, Jonathan"]
[Result "1-0"]
[WhiteElo "2202"]
[BlackElo "1428"]
[PlyCount "93"]
[EventDate "2013.02.02"]
[EventType "swiss"]
[EventRounds "11"]
[EventCountry "PER"]
[SourceTitle "CBM 153 Extra"]
[Source "ChessBase"]
[SourceDate "2013.04.22"]
[SourceVersion "1"]
[SourceVersionDate "2013.04.22"]
[SourceQuality "1"]

1. d4 d5 2. c4 c6 3. Nf3 Nf6 4. g3 Bf5 5. cxd5 cxd5 6. Nc3 e6 7. Qb3 Qc8 8. Bf4 a6 9. Na4 Nbd7 10. Rc1 Qd8 11. Qxb7 Be7 12. Bg2 0-0 13. 0-0 Qa5 14. b3 Qb5 15. Rc7 Qxe2 16. Rxd7 Nxd7 17. Qxd7 Bf6 18. Nb6 Rae8 19. Qa4 Kh8 20. Re1 Qb5 21. Qxb5 axb5 22. Bf1 Be4 23. Ne5 Bxe5 24. Bxe5 f6 25. Bd6 Rf7 26. Bxb5 Rd8 27. Bc5 Rb8 28. a4 Ra7 29. b4 Rab7 30. a5 e5 31. Bc6 Rc7 32. Bxd5 Bxd5 33. Nxd5 Rd7 34. Nb6 Rf7 35. dxe5 fxe5 36. Rxe5 Kg8 37. a6 Ra7 38. b5 Kf7 39. Nc4 Rxb5 40. Bxa7 Rxe5 41. Nxe5+ Ke6 42. Bb8 Kd5 43. a7 Kc5 44. a8Q Kb6 45. Qc6+ Ka5 46. Bd6 g5 47. Nc4# 1-0

[Event "NCA-ch"]
[Site "Managua"]
[Date "2011.09.04"]
[Round "7"]
[White "Jimenez Martinez, Alexander"]
[Black "Sanchez, Jonathan"]
[Result "0-1"]
[WhiteElo "1778"]
[BlackElo "1934"]
[PlyCount "98"]
[EventDate "2011.08.20"]
[EventType "swiss"]
[EventRounds "9"]
[EventCountry "NCA"]
[SourceTitle "CBM 144 Extra"]
[Source "ChessBase"]
[SourceDate "2011.10.28"]
[SourceVersion "1"]
[SourceVersionDate "2011.10.28"]
[SourceQuality "1"]

1. e4 c5 2. Nf3 Nc6 3. Bb5 g6 4. c3 Bg7 5. 0-0 Nf6 6. Re1 0-0 7. d4 cxd4 8. cxd4 d5 9. e5 Ne8 10. h3 Nc7 11. Ba4 b5 12. Bb3 a5 13. Nc3 Bf5 14. a4 bxa4 15. Nxa4 Nb4 16. Nc5 Ne6 17. Nxe6 Bxe6 18. Bg5 h6 19. Be3 Qb6 20. Qd2 Kh7 21. Rec1 Rfc8 22. Ba4 Rab8 23. Rc5 Rxc5 24. dxc5 Qc7 25. Rc1 Bd7 26. c6 Bc8 27. Nd4 Ba6 28. f4 e6 29. Nb3 Bb5 30. Bxb5 Rxb5 31. Nxa5 Na2 32. Rc5 Rb8 33. Nb7 Rxb7 34. cxb7 Qxb7 35. Ra5 Qb3 36. Ra7 Kg8 37. Bc5 Qc4 38. Qa5 Qc1+ 39. Kh2 Qxf4+ 40. g3 Qf3 41. Qxa2 Bxe5 42. Ra3 Bxg3+ 43. Kg1 Qf4 44. Qb3 Bh4 45. Qf3 Qc1+ 46. Kg2 Qxc5 47. Ra8+ Kg7 48. Qd3 Qf2+ 49. Kh1 Bg3 0-1